000 00755nam a2200217Ia 4500
001 9145
003 GE_BSU
008 181216s||||||||xx |||||||||||||| ||und||
040 _cGE_BSU
080 _a821.353.1-32
100 _aლომიძე,ანდრო
245 _aრჩეული : მოთხრობები
245 _cანდრო მირიანაშვილის წინასიტყვ;რედ:ნ.ხომერიკი;მხატვ:მ.გედენიძე
260 _aთბილისი.
260 _bმერანი.
260 _c1973
300 _a388გვ;21სმ
300 _b1ფ.პორტრ.
653 _aრჩეული : მოთხრობები
942 _cBK
999 _c42449
_d42449